[Event "Wattens op 11th"]
[Site "Wattens"]
[Date "1996.??.??"]
[Round "9"]
[White "Baerner, Helmut"]
[Black "Larch, Johannes"]
[Result "1-0"]
[WhiteElo "2135"]
[BlackElo "1855"]
[PlyCount "69"]
[EventDate "1996.??.??"]
[EventType "swiss"]
[EventRounds "9"]
[EventCountry "AUT"]
[SourceTitle "EXT 2000"]
[Source "ChessBase"]
[SourceDate "1999.11.16"]
[SourceVersion "1"]
[SourceVersionDate "1999.11.16"]
[SourceQuality "1"]

1. d4 d5 2. Nc3 Bf5 3. Nf3 h6 4. Bf4 c6 5. e3 Nf6 6. Bd3 Bxd3 7. Qxd3 e6 8. e4 dxe4 9. Nxe4 Nxe4 10. Qxe4 Be7 11. 0-0 0-0 12. Rfe1 Nd7 13. Rad1 Nf6 14. Qe2 Qb6 15. c3 Rfd8 16. Rd3 Nd5 17. Bc1 Bf6 18. Ne5 Bxe5 19. Qxe5 Qc7 20. Qe4 Nf6 21. Qh4 Rd5 22. Rg3 Nh5 23. Rf3 Qd8 24. Qh3 Qe7 25. g4 Nf6 26. Qh4 Re8 27. Bxh6 gxh6 28. Rxf6 Rg5 29. Rxh6 Rg6 30. Rxg6+ fxg6 31. Qxe7 Rxe7 32. f4 Kg7 33. f5 gxf5 34. gxf5 Kf6 35. Rxe6+ 1-0

[Event "Wattens op 11th"]
[Site "Wattens"]
[Date "1996.??.??"]
[Round "6"]
[White "Reitberger, Peter"]
[Black "Larch, Johannes"]
[Result "1-0"]
[WhiteElo "2080"]
[BlackElo "1855"]
[PlyCount "81"]
[EventDate "1996.??.??"]
[EventType "swiss"]
[EventRounds "9"]
[EventCountry "AUT"]
[SourceTitle "EXT 2000"]
[Source "ChessBase"]
[SourceDate "1999.11.16"]
[SourceVersion "1"]
[SourceVersionDate "1999.11.16"]
[SourceQuality "1"]

1. e4 e6 2. b3 d5 3. Bb2 Nf6 4. e5 Nfd7 5. f4 c5 6. Qh5 g6 7. Qh3 Bg7 8. Nf3 Nc6 9. Na3 a6 10. c3 b5 11. Nc2 Bb7 12. Be2 Qe7 13. 0-0 h6 14. a4 b4 15. cxb4 cxb4 16. Ncd4 Nxd4 17. Nxd4 0-0 18. Kh1 Rfc8 19. Qe3 Rc7 20. Rf3 Rac8 21. Raf1 Nc5 22. d3 Nd7 23. Rg3 Nf8 24. Bg4 Rb8 25. Bh3 Re8 26. Bg4 Rec8 27. Bf3 Re8 28. Rh3 Rec8 29. g4 g5 30. f5 exf5 31. Nxf5 Qe6 32. Bd4 Nd7 33. Bg2 Rf8 34. Rh5 Re8 35. h4 Nxe5 36. Nxg7 Kxg7 37. hxg5 Kf8 38. gxh6 Ng6 39. Bc5+ Ree7 40. Bxe7+ Qxe7 41. Qd4 1-0